000 00700nam a2200253 i 4500
001 C2-0284100
003 PPAK
005 20180728014025.0
008 071127s2004 my a|||| ||||| | eng d
020 _a9833255604
040 _aPPAK
_beng
_cPPAK
_erda
082 0 4 _a428.6
_223
090 0 0 _a428.6
_bTRE
_dK
245 0 4 _aThe tree climbing tortoise
264 1 _aBatu Caves, Selangor :
_bKiddibird ,
_c2004
300 _a16 pages :
_bcolour illustrations ;
_c30 cm
336 _2rdacontent
_atext
337 _2rdamedia
_aunmediated
338 _2rdacarrier
_avolume
490 1 _aFables in the forest series
650 1 0 _aReaders.
830 0 _aFables in the forest series
942 _ddc
_cB
999 _c90089
_d90089